| 000 | 00447cam a2200181ua 4500 | ||
|---|---|---|---|
| 020 | _c8.00 | ||
| 041 |
_aeng _h |
||
| 082 |
_a530 _bKIT/IN |
||
| 100 | _aKhaigorodsky, A . | ||
| 245 |
_aIntroduction to Physics / _cA.Khaigorodsky. _hTextual Documents |
||
| 250 |
_a1 / _b. |
||
| 260 |
_aMoscow : _bForeign Language Publishing House , _c2001. |
||
| 300 | _a719 ; . | ||
| 365 | _a8.00 | ||
| 504 | _a | ||
| 942 | _cBK | ||
| 999 |
_c1408 _d1408 |
||